[Event "Llinars del Valles op 1st"]
[Site "Llinars del Valles"]
[Date "2021.07.01"]
[Round "7"]
[White "Juncosa Padros, Ernest"]
[Black "Fernandez Martin, Javier"]
[Result "0-1"]
[WhiteElo "1746"]
[BlackElo "1906"]
[PlyCount "60"]
[EventDate "2021.06.25"]
[EventType "swiss"]
[EventRounds "9"]
[EventCountry "ESP"]
[SourceTitle "CBM 203 Extra"]
[Source "ChessBase"]
[SourceDate "2021.09.30"]
[SourceVersion "1"]
[SourceVersionDate "2021.09.30"]
[SourceQuality "1"]

1. d4 Nf6 2. c4 g6 3. Nc3 Bg7 4. e4 d6 5. Be2 0-0 6. Be3 e5 7. d5 a5 8. g4 Na6 9. h4 Nc5 10. f3 h5 11. g5 Nfd7 12. Nh3 Na6 13. Nf2 Ndc5 14. Nd3 Bd7 15. Bxc5 Nxc5 16. Nxc5 dxc5 17. Bf1 f6 18. Rg1 fxg5 19. hxg5 c6 20. Qe2 a4 21. Qe3 cxd5 22. cxd5 b5 23. Bxb5 Bxb5 24. Nxb5 Rb8 25. Nc3 Rxb2 26. Nxa4 Qa5+ 27. Qc3 Rb4 28. Nxc5 Rb1+ 29. Kd2 Rb2+ 30. Kd3 Rxf3+ 0-1

[Event "Martorell op 34th"]
[Site "Martorell"]
[Date "2016.10.22"]
[Round "6"]
[White "Oliveras Cruz, Marc"]
[Black "Fernandez Martin, Javier"]
[Result "1/2-1/2"]
[WhiteElo "1882"]
[BlackElo "1976"]
[PlyCount "69"]
[EventDate "2016.09.17"]
[EventType "swiss"]
[EventRounds "9"]
[EventCountry "ESP"]
[SourceTitle "EXT 2018"]
[Source "ChessBase"]
[SourceDate "2017.10.13"]
[SourceVersion "1"]
[SourceVersionDate "2017.10.13"]
[SourceQuality "1"]

1. e4 d5 2. exd5 Nf6 3. Nc3 Nxd5 4. Bc4 c6 5. Qf3 e6 6. Nge2 Nd7 7. d4 N7b6 8. Bb3 Be7 9. Ne4 Nf6 10. c3 0-0 11. Bf4 Nbd5 12. Bg3 b5 13. Bc2 Bb7 14. 0-0 Nxe4 15. Qxe4 Nf6 16. Qe5 Rc8 17. Rad1 Qd5 18. Bb3 Qxe5 19. dxe5 Nd5 20. Bxd5 cxd5 21. Nd4 Ba6 22. Rfe1 b4 23. cxb4 Bxb4 24. Re3 Rc4 25. b3 Rc7 26. f4 Rfc8 27. Be1 Bc5 28. Kf2 Bxd4 29. Rxd4 Rc2+ 30. Rd2 Rxd2+ 31. Bxd2 Rc2 32. Ke1 Rxa2 33. Rc3 g6 34. Rc7 Bb5 35. Bb4 1/2-1/2

[Event "Martorell op 34th"]
[Site "Martorell"]
[Date "2016.10.15"]
[Round "5"]
[White "Ros Alonso, Joana"]
[Black "Fernandez Martin, Javier"]
[Result "0-1"]
[WhiteElo "1787"]
[BlackElo "1976"]
[PlyCount "50"]
[EventDate "2016.09.17"]
[EventType "swiss"]
[EventRounds "9"]
[EventCountry "ESP"]
[SourceTitle "EXT 2018"]
[Source "ChessBase"]
[SourceDate "2017.10.13"]
[SourceVersion "1"]
[SourceVersionDate "2017.10.13"]
[SourceQuality "1"]

1. e4 d5 2. exd5 Nf6 3. d4 Bg4 4. Nf3 Qxd5 5. Be2 Nc6 6. c4 Qh5 7. d5 0-0-0 8. Bd2 Ne5 9. Nxe5 Qxe5 10. Nc3 e6 11. f4 Qf5 12. Bxg4 Nxg4 13. Qf3 exd5 14. Nxd5 Re8+ 15. Kf1 Bc5 16. h3 Nf6 17. g4 Qc2 18. Qc3 Qxc3 19. Nxc3 h5 20. g5 Ne4 21. Be1 Nxc3 22. Bxc3 Re4 23. Bxg7 Rxf4+ 24. Kg2 Rg8 25. Bh6 Rf6 0-1

[Event "Martorell op 34th"]
[Site "Martorell"]
[Date "2016.10.01"]
[Round "3"]
[White "Fernandez Martin, Javier"]
[Black "Clanchet Olle, Josep"]
[Result "1/2-1/2"]
[WhiteElo "1976"]
[BlackElo "1687"]
[PlyCount "96"]
[EventDate "2016.09.17"]
[EventType "swiss"]
[EventRounds "9"]
[EventCountry "ESP"]
[SourceTitle "EXT 2018"]
[Source "ChessBase"]
[SourceDate "2017.10.13"]
[SourceVersion "1"]
[SourceVersionDate "2017.10.13"]
[SourceQuality "1"]

1. e4 e5 2. Nc3 Bc5 3. g3 Nf6 4. Bg2 Nc6 5. Nge2 d6 6. Na4 Bb6 7. Nxb6 axb6 8. 0-0 Bg4 9. h3 Bh5 10. d3 Nd4 11. g4 Nxe2+ 12. Qxe2 Bg6 13. f4 h6 14. a3 Qd7 15. b4 exf4 16. Bxf4 0-0 17. Bxh6 Nxg4 18. Bxg7 Kxg7 19. Qxg4 Qxg4 20. hxg4 Ra4 21. Ra2 Rfa8 22. Rfa1 c6 23. c4 Kf6 24. Kf2 Ke5 25. Ke3 c5 26. bxc5 bxc5 27. Rb2 Rxa3 28. Rxa3 Rxa3 29. Rxb7 Ra1 30. Bf3 Re1+ 31. Be2 Rh1 32. Rb8 Rh3+ 33. Bf3 Kf6 34. Kf4 Rh4 35. Rb1 Ke6 36. Rh1 Rxh1 37. Bxh1 f6 38. Bf3 Be8 39. Bg2 Ba4 40. Bh3 Ke7 41. Ke3 Bd1 42. d4 cxd4+ 43. Kxd4 Bf3 44. Ke3 Bd1 45. Kd2 Bf3 46. Ke3 Bd1 47. Kf2 Bc2 48. Ke3 Bd1 1/2-1/2

[Event "Martorell op 34th"]
[Site "Martorell"]
[Date "2016.09.17"]
[Round "1"]
[White "Fernandez Martin, Javier"]
[Black "Castro Lopez, Sergio"]
[Result "1-0"]
[WhiteElo "1976"]
[BlackElo "1737"]
[PlyCount "51"]
[EventDate "2016.09.17"]
[EventType "swiss"]
[EventRounds "9"]
[EventCountry "ESP"]
[SourceTitle "EXT 2018"]
[Source "ChessBase"]
[SourceDate "2017.10.13"]
[SourceVersion "1"]
[SourceVersionDate "2017.10.13"]
[SourceQuality "1"]

1. e4 e5 2. Nc3 Nf6 3. g3 Nc6 4. Bg2 g6 5. Nge2 Bg7 6. 0-0 0-0 7. d3 d6 8. f4 exf4 9. Bxf4 h6 10. h3 Be6 11. d4 d5 12. e5 Ne8 13. Be3 Ne7 14. Nf4 Qd7 15. g4 c6 16. Qd2 Kh7 17. Rf3 Nc7 18. Raf1 Rad8 19. Nce2 b6 20. Ng3 f6 21. Nxe6 Qxe6 22. exf6 Rxf6 23. Rxf6 Bxf6 24. Bxh6 Bxd4+ 25. Qxd4 Kxh6 26. Qf4+ 1-0

[Event "Barcelona Sants op-B 18th"]
[Site "Barcelona"]
[Date "2016.08.27"]
[Round "9"]
[White "Fernandez Martin, Javier"]
[Black "Seca Carol, Ruben"]
[Result "1-0"]
[WhiteElo "1963"]
[BlackElo "1837"]
[PlyCount "127"]
[EventDate "2016.08.19"]
[EventType "swiss"]
[EventRounds "10"]
[EventCountry "ESP"]
[SourceTitle "CBM 174 Extra"]
[Source "ChessBase"]
[SourceDate "2016.10.10"]
[SourceVersion "1"]
[SourceVersionDate "2016.10.10"]
[SourceQuality "1"]

1. e4 e6 2. d4 d5 3. Nc3 Nf6 4. Bg5 dxe4 5. Nxe4 Nbd7 6. Nf3 Be7 7. Nxf6+ Bxf6 8. Bxf6 Nxf6 9. Bd3 0-0 10. 0-0 b6 11. Qe2 Bb7 12. Rad1 Qd6 13. a3 c5 14. dxc5 Qxc5 15. Rd2 Qc7 16. Rfd1 h6 17. Qe5 Qe7 18. Nd4 a6 19. Nf5 Qc5 20. Nxh6+ Kh8 21. Nxf7+ Rxf7 22. Qxe6 Qc6 23. Qh3+ Kg8 24. Bg6 Rff8 25. Rd6 Qc7 26. Rd7 Qe5 27. Rxb7 Rad8 28. Bf7+ Rxf7 29. Rxd8+ Ne8 30. Qe3 Qxe3 31. fxe3 Rxb7 32. Rxe8+ Kf7 33. Re4 Rd7 34. Rd4 Rc7 35. c3 Rc6 36. Kf2 a5 37. a4 g6 38. h4 Kg7 39. g4 Kh6 40. Kg3 Re6 41. e4 Re7 42. g5+ Kg7 43. b4 Rc7 44. Rd3 Rc4 45. Rd7+ Kg8 46. Rd6 axb4 47. Rxg6+ Kh7 48. Rxb6 bxc3 49. Rb1 Rxe4 50. Rc1 Kg6 51. Rxc3 Kh5 52. Rc8 Rg4+ 53. Kf3 Rxa4 54. Rh8+ Kg6 55. Rh6+ Kg7 56. Kg3 Ra3+ 57. Kg4 Ra4+ 58. Kh5 Rb4 59. Ra6 Rc4 60. Ra7+ Kf8 61. g6 Rb4 62. Kg5 Rb5+ 63. Kh6 Rb8 64. Rh7 1-0

[Event "Badalona op-B 41st"]
[Site "Badalona"]
[Date "2015.08.06"]
[Round "5"]
[White "Jover Font, Pau"]
[Black "Fernandez Martin, Javier"]
[Result "1-0"]
[WhiteElo "2145"]
[BlackElo "2059"]
[PlyCount "87"]
[EventDate "2015.08.02"]
[EventType "swiss"]
[EventRounds "9"]
[EventCountry "ESP"]
[SourceTitle "EXT 2016"]
[Source "ChessBase"]
[SourceDate "2015.10.08"]
[SourceVersion "1"]
[SourceVersionDate "2015.10.08"]
[SourceQuality "1"]

1. e4 d5 2. exd5 Qxd5 3. Nc3 Qd6 4. g3 Nc6 5. Bg2 e5 6. d3 Nf6 7. Nf3 Bg4 8. h3 Bh5 9. g4 Bg6 10. Be3 0-0-0 11. Nd2 Qe6 12. Qf3 Bb4 13. 0-0 Bxc3 14. bxc3 e4 15. Qg3 exd3 16. cxd3 Bxd3 17. Rfe1 Rhe8 18. Nb3 Ne4 19. Qf3 Ne5 20. Qf4 g5 21. Qh2 Qf6 22. Bd4 Nf3+ 23. Bxf3 Qxf3 24. Re3 Qf4 25. Qxf4 gxf4 26. Rxd3 c5 27. f3 c4 28. Rdd1 Ng5 29. Nd2 Re2 30. h4 Nh3+ 31. Kf1 Rh2 32. Nxc4 b5 33. Ne5 f6 34. Nd3 b4 35. Rac1 Kb7 36. Nc5+ Ka8 37. cxb4 f5 38. Bg1 Rhd2 39. Rxd2 Rxd2 40. gxf5 Rd5 41. f6 Rf5 42. Bd4 Rd5 43. f7 Rf5 44. Re1 1-0

[Event "Badalona op-B 41st"]
[Site "Badalona"]
[Date "2015.08.04"]
[Round "3"]
[White "Fernandez Martin, Javier"]
[Black "Martin Sanchez, Enric"]
[Result "1/2-1/2"]
[WhiteElo "2059"]
[BlackElo "2113"]
[PlyCount "51"]
[EventDate "2015.08.02"]
[EventType "swiss"]
[EventRounds "9"]
[EventCountry "ESP"]
[SourceTitle "EXT 2016"]
[Source "ChessBase"]
[SourceDate "2015.10.08"]
[SourceVersion "1"]
[SourceVersionDate "2015.10.08"]
[SourceQuality "1"]

1. e4 c5 2. Nf3 d6 3. d4 cxd4 4. Nxd4 Nf6 5. Nc3 e6 6. Be3 Nc6 7. f3 Be7 8. Qd2 0-0 9. g4 d5 10. g5 Nd7 11. exd5 Nxd4 12. Qxd4 Bc5 13. Qd2 Bxe3 14. Qxe3 exd5 15. 0-0-0 Re8 16. Qd2 d4 17. Qxd4 Qxg5+ 18. Kb1 Nf8 19. Rg1 Qh6 20. Ne4 Ng6 21. Bb5 Rf8 22. Bc4 Qf4 23. Ng5 Qxd4 24. Rxd4 Bf5 25. h4 Ne5 26. Be2 1/2-1/2

[Event "Barcelona Sant Marti op-B 16th"]
[Site "Barcelona"]
[Date "2014.07.21"]
[Round "9"]
[White "Fernandez Martin, Javier"]
[Black "Brandt, Stefan"]
[Result "1/2-1/2"]
[WhiteElo "2058"]
[BlackElo "1889"]
[PlyCount "59"]
[EventDate "2014.07.13"]
[EventType "swiss"]
[EventRounds "9"]
[EventCountry "ESP"]
[SourceTitle "CBM 161 Extra"]
[Source "ChessBase"]
[SourceDate "2014.08.29"]
[SourceVersion "1"]
[SourceVersionDate "2014.08.29"]
[SourceQuality "1"]

1. e4 d5 2. exd5 Qxd5 3. Nc3 Qa5 4. Bc4 Nf6 5. d3 c6 6. Bd2 Qc7 7. Qe2 Nbd7 8. 0-0-0 e6 9. f4 b5 10. Bb3 Nc5 11. f5 Nxb3+ 12. axb3 Be7 13. g4 b4 14. Ne4 Nxe4 15. dxe4 e5 16. g5 a5 17. Nf3 Ba6 18. Qf2 0-0-0 19. Be3 Kb7 20. Rhg1 Bb5 21. Nd2 Ra8 22. Bc5 Rhd8 23. f6 Bxc5 24. Qxc5 g6 25. Nc4 Bxc4 26. Qxc4 Rd4 27. Rxd4 exd4 28. Qxd4 Rd8 29. Qf2 Qe5 30. Qe3 1/2-1/2

[Event "Barcelona Sant Marti op-B 16th"]
[Site "Barcelona"]
[Date "2014.07.16"]
[Round "4"]
[White "Arroyo Morales, Jaime"]
[Black "Fernandez Martin, Javier"]
[Result "0-1"]
[WhiteElo "1923"]
[BlackElo "2058"]
[PlyCount "84"]
[EventDate "2014.07.13"]
[EventType "swiss"]
[EventRounds "9"]
[EventCountry "ESP"]
[SourceTitle "CBM 161 Extra"]
[Source "ChessBase"]
[SourceDate "2014.08.29"]
[SourceVersion "1"]
[SourceVersionDate "2014.08.29"]
[SourceQuality "1"]

1. d4 Nf6 2. Bg5 e6 3. e4 h6 4. Bxf6 Qxf6 5. Nf3 d6 6. c3 Nc6 7. Nbd2 Bd7 8. Bd3 e5 9. dxe5 dxe5 10. Qe2 Bc5 11. Bb5 a6 12. Ba4 0-0 13. 0-0 Rfd8 14. Bxc6 Bxc6 15. b3 b5 16. Rac1 Rd7 17. c4 Ba3 18. Rc2 Rad8 19. Nb1 Be7 20. c5 b4 21. Qxa6 Bxe4 22. Qxf6 gxf6 23. Rcc1 Bxf3 24. gxf3 Rd5 25. c6 Kg7 26. Rfe1 Kg6 27. Kf1 Kf5 28. Ke2 Ra8 29. Rc2 Rda5 30. Rd2 Rxa2 31. Red1 Ke6 32. Ke1 Bc5 33. Rxa2 Rxa2 34. Rd2 Rxd2 35. Nxd2 f5 36. Nc4 Kd5 37. Ke2 f6 38. f4 e4 39. Na5 Bb6 40. Nb7 Kxc6 41. Nd8+ Kd5 42. Nf7 h5 0-1

[Event "Barcelona Sant Marti op-B 16th"]
[Site "Barcelona"]
[Date "2014.07.15"]
[Round "3"]
[White "Fernandez Martin, Javier"]
[Black "Romeo Ros, Joaquin"]
[Result "1-0"]
[WhiteElo "2058"]
[BlackElo "1858"]
[PlyCount "77"]
[EventDate "2014.07.13"]
[EventType "swiss"]
[EventRounds "9"]
[EventCountry "ESP"]
[SourceTitle "CBM 161 Extra"]
[Source "ChessBase"]
[SourceDate "2014.08.29"]
[SourceVersion "1"]
[SourceVersionDate "2014.08.29"]
[SourceQuality "1"]

1. e4 e5 2. Nc3 Nf6 3. g3 Nc6 4. Bg2 Bc5 5. Nge2 d6 6. Na4 Bb6 7. Nxb6 axb6 8. 0-0 Be6 9. h3 Qd7 10. Kh2 0-0 11. f4 Bc4 12. d3 Bb5 13. Nc3 Nd4 14. Be3 c5 15. f5 Bc6 16. Bg5 Ne8 17. f6 Ne6 18. fxg7 N8xg7 19. Bf6 Ne8 20. Qg4+ N6g7 21. Qxd7 Bxd7 22. Be7 Bc6 23. Rf2 f6 24. Bxf8 Kxf8 25. Nd5 Bxd5 26. exd5 Ke7 27. Be4 h6 28. a3 Nc7 29. Raf1 Rf8 30. g4 Nb5 31. h4 Nd4 32. c3 Nb5 33. g5 hxg5 34. hxg5 Rh8+ 35. Kg3 f5 36. Bxf5 Rh5 37. Bg4 Rxg5 38. Kh3 Ne8 39. Rf7+ 1-0

[Event "Sant Boi Chalmeta Memorial op 23th"]
[Site "Sant Boi de Llobregat"]
[Date "2011.05.20"]
[Round "4.9"]
[White "Fernandez Martin, Javier"]
[Black "Chalmeta Torredemer, Josep"]
[Result "0-1"]
[WhiteElo "1932"]
[BlackElo "2153"]
[PlyCount "84"]
[EventDate "2011.04.29"]
[EventType "swiss"]
[EventRounds "8"]
[EventCountry "ESP"]
[SourceTitle "EXT 2024"]
[Source "ChessBase"]
[SourceDate "2023.10.10"]
[SourceVersion "1"]
[SourceVersionDate "2023.10.10"]
[SourceQuality "1"]

1. e4 e5 2. Nc3 Nf6 3. g3 d5 4. exd5 Nxd5 5. Bg2 Be6 6. Nge2 c5 7. 0-0 Be7 8. d3 0-0 9. f4 exf4 10. Nxf4 Nxf4 11. Bxf4 Qd7 12. Qd2 Nc6 13. Rae1 Rfe8 14. b3 Rad8 15. Ne4 f6 16. Be3 b6 17. Bf4 Nb4 18. Nc3 Bf7 19. Rf3 Bd6 20. Bxd6 Rxe1+ 21. Qxe1 Qxd6 22. Qd2 Re8 23. a3 Nc6 24. Nb5 Qd7 25. Re3 Ne5 26. a4 a6 27. Nc3 Qd4 28. Ne2 Nf3+ 29. Bxf3 Qxe3+ 30. Qxe3 Rxe3 31. Kf2 Re7 32. Nf4 Kf8 33. Nd5 Bxd5 34. Bxd5 a5 35. Be4 g6 36. g4 f5 37. gxf5 gxf5 38. Bf3 Kg7 39. c3 Kf6 40. d4 cxd4 41. cxd4 Rc7 42. Bd1 Rc3 0-1

[Event "Barbera del Valles op-B"]
[Site "Barbera del Valles"]
[Date "2008.07.08"]
[Round "3.7"]
[White "Serrano Campos, Juan Antoni"]
[Black "Fernandez Martin, Javier"]
[Result "1/2-1/2"]
[WhiteElo "1999"]
[BlackElo "1856"]
[PlyCount "44"]
[EventDate "2008.07.05"]
[EventType "swiss"]
[EventRounds "8"]
[EventCountry "ESP"]
[SourceTitle "EXT 2024"]
[Source "ChessBase"]
[SourceDate "2023.10.10"]
[SourceVersion "1"]
[SourceVersionDate "2023.10.10"]
[SourceQuality "1"]

1. e4 d5 2. e5 c5 3. d4 Qc7 4. c3 Nc6 5. Bb5 a6 6. Bxc6+ Qxc6 7. Be3 cxd4 8. cxd4 Bf5 9. Nc3 e6 10. Rc1 Bb4 11. Nge2 b5 12. 0-0 Qd7 13. Ng3 Ne7 14. Qh5 Bg6 15. Qg5 0-0 16. h4 h6 17. Qg4 Nf5 18. h5 Nxe3 19. fxe3 Bh7 20. Rf3 Rac8 21. Nge2 Bf5 22. Qf4 Be7 1/2-1/2